Golf Major Champions Since 2000 - Statistics

General Stats
  • This quiz has been taken 1,506 times
    950 since last reset
  • The average score is 29 of 58
Answer Stats
# Golfer % Correct
13 Tiger Woods
99%
5 Rory McIlroy
96%
4 Scottie Scheffler
93%
6 Phil Mickelson
86%
3 Jordan Spieth
81%
2 Bryson DeChambeau
80%
2 Dustin Johnson
79%
2 Jon Rahm
79%
2 Zach Johnson
75%
2 Justin Thomas
74%
2 Xander Schauffele
74%
5 Brooks Koepka
73%
1 J. J. Spaun
69%
1 Justin Rose
69%
1 Sergio Garcia
69%
1 Adam Scott
67%
2 Bubba Watson
67%
1 Cameron Smith
66%
2 Collin Morikawa
66%
1 Hideki Matsuyama
66%
2 Vijay Singh
64%
1 Shane Lowry
59%
1 Patrick Reed
57%
1 Wyndham Clark
56%
1 Danny Willett
54%
2 Ernie Els
53%
1 Darren Clarke
52%
1 Jason Day
52%
1 Matt Fitzpatrick
52%
1 Brian Harman
48%
2 Ángel Cabrera
45%
1 Francesco Molinari
41%
1 Henrik Stenson
41%
3 Pádraig Harrington
39%
1 Charl Schwartzel
38%
1 Gary Woodland
37%
1 Louis Oosthuizen
37%
1 Keegan Bradley
36%
2 Martin Kaymer
36%
1 Mike Weir
36%
1 Trevor Immelman
34%
1 Jim Furyk
32%
1 Graeme McDowell
28%
2 Retief Goosen
28%
1 David Duval
27%
1 Jason Dufner
27%
1 Stewart Cink
27%
1 Yang Yong-eun
27%
1 Jimmy Walker
25%
1 Webb Simpson
23%
1 Lucas Glover
22%
1 Geoff Ogilvy
20%
1 Rich Beem
19%
1 Michael Campbell
18%
1 Ben Curtis
17%
1 Todd Hamilton
17%
1 Shaun Micheel
16%
1 David Toms
15%
No matching quizzes found
Score Distribution
Percent of People with Each Score
Percentile by Number Answered
Your Score History
You have not taken this quiz since the last reset